| 000 | 00642nam a2200241Ia 4500 | ||
|---|---|---|---|
| 003 | OSt | ||
| 005 | 20220926044734.0 | ||
| 006 | a|||||r|||| 00| 0 | ||
| 007 | ta | ||
| 008 | 220923b |||||||| |||| 00| 0 eng d | ||
| 037 | _cGeneral Book | ||
| 040 |
_aRTL _cRTL _beng |
||
| 041 |
_2eng _aeng |
||
| 082 | _aV55.N5, J7 | ||
| 100 |
_aSnyder Louis L _998465 |
||
| 245 | 0 | _aBasic history of modern Germany | |
| 260 | _c1957 | ||
| 300 |
_a191p _ccm. |
||
| 490 | _aAnvil Original Series ed by Louis L Snyder | ||
| 650 |
_aEurope History _914786 |
||
| 942 |
_hV55.N5, J7 _cGB _2CC |
||
| 999 |
_c675655 _d675655 |
||